[Event "Top 16 Mulhouse2"]
[Site "Mulhouse"]
[Date "2009.05.3"]
[Round "7.5"]
[White "Tregubov, Pavel V"]
[Black "Legky, Nikolay A"]
[Result "1-0"]
[WhiteElo "2628"]
[BlackElo "2468"]
[PlyCount "46"]
[EventDate "3.??.??"]
[WhiteTeam "Clichy"]
[BlackTeam "Drancy"]

1. d4 Nf6 2. Nf3 d5 3. c4 e6 4. Nc3 Nbd7 5. cxd5 exd5 6. Bf4 c6 7. Qc2 Be7 8.
h3 Nf8 9. e3 Ng6 10. Bh2 O-O 11. Bd3 Re8 12. Ne5 Bd6 13. f4 c5 14. O-O c4 15.
Be2 Bb4 16. f5 Ne7 17. g4 Bxc3 18. bxc3 Nd7 19. Bf3 Nc6 20. Qf2 Qe7 21. Rab1
Nb6 22. g5 Bxf5 23. Bg4 Bg6 {incoherence dans la retranscription des 2 joueurs}
1-0

[Event "Top 16 Mulhouse2"]
[Site "Mulhouse"]
[Date "2009.05.3"]
[Round "7.6"]
[White "Giffard, Nicolas"]
[Black "Edouard, Romain"]
[Result "0-1"]
[WhiteElo "2377"]
[BlackElo "2594"]
[PlyCount "104"]
[EventDate "3.??.??"]
[WhiteTeam "Drancy"]
[BlackTeam "Clichy"]

1. d4 Nf6 2. c4 g6 3. Nc3 Bg7 4. e4 O-O 5. Be3 d6 6. f3 a6 7. a3 Nbd7 8. Nh3 c5
9. Nf2 cxd4 10. Bxd4 Ne5 11. Be3 Bd7 12. Be2 Rc8 13. Qb3 Qc7 14. Bb6 Qc6 15.
Nd5 Nxd5 16. cxd5 Qc2 17. Qxc2 Rxc2 18. Rb1 Nc4 19. Bxc4 Rxc4 20. O-O Rfc8 21.
b3 Rc2 22. a4 f5 23. Rfe1 Kf7 24. Nd1 Ra2 25. Rf1 Rcc2 26. Rf2 f4 27. Rxc2 Rxc2
28. Nf2 g5 29. Kf1 e6 30. Rd1 Rb2 31. dxe6+ Kxe6 32. Bc7 Rxb3 33. Rxd6+ Ke7 34.
Rd1 Bxa4 35. Bd8+ Ke6 36. Bxg5 Rb5 37. Rd5 Rxd5 38. exd5+ Kxd5 39. Bxf4 Bb5+
40. Ke1 a5 41. Bc1 Bd4 42. f4 Bd7 43. h3 b5 44. g4 b4 45. Nd1 a4 46. Ne3+ Bxe3
47. Bxe3 a3 48. Bc1 Kc4 49. f5 a2 50. Bb2 Kb3 51. Ba1 Kc2 52. f6 Be8 0-1

[Event "Top 16 Mulhouse2"]
[Site "Mulhouse"]
[Date "2009.05.3"]
[Round "7.7"]
[White "Pelletier, Yannick"]
[Black "Berthelot, Yannick"]
[Result "1-0"]
[WhiteElo "2559"]
[BlackElo "2324"]
[PlyCount "49"]
[EventDate "3.??.??"]
[WhiteTeam "Clichy"]
[BlackTeam "Drancy"]

1. Nf3 c5 2. c4 Nf6 3. d4 cxd4 4. Nxd4 e5 5. Nb5 d5 6. cxd5 Bc5 7. N5c3 O-O 8.
h3 Bf5 9. g4 Bg6 10. Bg2 Qe7 11. Bg5 e4 12. Nd2 e3 13. Bxe3 Bxe3 14. fxe3 Qxe3
15. Nf3 Na6 16. Qd4 Rfe8 17. Rd1 Nc5 18. Qxe3 Rxe3 19. Kf2 Re7 20. Rhe1 Rd8 21.
Nd2 h5 22. Bf3 hxg4 23. hxg4 Bc2 24. Rc1 Be4 25. g5 1-0

[Event "Top 16 Mulhouse2"]
[Site "Mulhouse"]
[Date "2009.05.3"]
[Round "7.1"]
[White "Adla, Diego"]
[Black "Landenbergue, Claude"]
[Result "0-1"]
[WhiteElo "2508"]
[BlackElo "2410"]
[PlyCount "24"]
[EventDate "3.??.??"]
[WhiteTeam "Noyon"]
[BlackTeam "Bois-Colombes"]

1. Nf3 d5 2. d4 Nf6 3. c4 e6 4. e3 Bb4+ 5. Bd2 a5 6. Qc2 Nc6 7. Be2 dxc4 8.
Qxc4 Qd5 9. Qxd5 exd5 10. O-O Bxd2 11. Nbxd2 Nd8 12. Ne5 c6 0-1

[Event "Top 16 Mulhouse2"]
[Site "Mulhouse"]
[Date "2009.05.3"]
[Round "7.3"]
[White "Magem Badals, Jordi"]
[Black "Le Roy, Brice"]
[Result "1-0"]
[WhiteElo "2531"]
[BlackElo "2307"]
[PlyCount "0"]
[EventDate "3.??.??"]
[WhiteTeam "Noyon"]
[BlackTeam "Bois-Colombes"]

1. e4 Nf6 2. e5 Nd5 3. d4 d6 4. c4 Nb6 5. exd6 cxd6 6. Nc3 g6 7. Be3 Bg7 8. Rc1
O-O 9. b3 Nc6 10. d5 Ne5 11. Be2 f5 12. f4 Ng4 13. Bxg4 fxg4 14. Nge2 g5 15.
O-O gxf4 16. Nxf4 Be5 17. Nce2 Bf5 18. Nd4 Qd7 19. Nfe6 Bxd4 20. Nxd4 e6 21.
Bh6 Rfe8 22. Qd2 Kh8 23. Rce1 g3 24. Qc3 gxh2+ 25. Kh1 Kg8 26. Nxe6 1-0

[Event "Top 16 Mulhouse2"]
[Site "Mulhouse"]
[Date "2009.05.3"]
[Round "7.4"]
[White "Chomet, Pascal"]
[Black "Marcelin, Cyril"]
[Result "0-1"]
[WhiteElo "2342"]
[BlackElo "2495"]
[PlyCount "76"]
[EventDate "3.??.??"]
[WhiteTeam "Bois-Colombes"]
[BlackTeam "Noyon"]

1. e4 e5 2. Nf3 Nc6 3. Bb5 Nf6 4. d3 d6 5. O-O Bd7 6. c3 g6 7. h3 Bg7 8. Nh2
Nh5 9. Nd2 O-O 10. Ndf3 Qe8 11. Re1 Kh8 12. a4 a6 13. Bc4 f5 14. exf5 gxf5 15.
d4 e4 16. Ng5 Qg6 17. Ne6 Bxe6 18. Bxe6 Qxe6 19. Qxh5 Qg6 20. Qxg6 hxg6 21. f3
d5 22. Bf4 Rf7 23. Re2 Nd8 24. a5 Ne6 25. Bd2 Rc8 26. fxe4 dxe4 27. Rf1 Kg8 28.
b4 b6 29. d5 Nf8 30. Ra1 b5 31. Rc1 Rd7 32. c4 bxc4 33. Rxc4 Rxd5 34. Rc6 Rd6
35. Rc4 Ne6 36. Be3 Rcd8 37. g3 Rd3 38. Kg2 Rc3 0-1

[Event "Top 16 Mulhouse2"]
[Site "Mulhouse"]
[Date "2009.05.3"]
[Round "7.5"]
[White "Housieaux, David"]
[Black "Vuilleumier, Alexandre"]
[Result "1-0"]
[WhiteElo "2420"]
[BlackElo "2312"]
[PlyCount "55"]
[EventDate "3.??.??"]
[WhiteTeam "Noyon"]
[BlackTeam "Bois-Colombes"]

1. d4 Nf6 2. c4 c5 3. d5 e6 4. Nc3 exd5 5. cxd5 d6 6. e4 g6 7. f4 Bg7 8. Bb5+
Nbd7 9. e5 dxe5 10. fxe5 Nh5 11. e6 Qh4+ 12. g3 Nxg3 13. hxg3 Qxh1 14. Be3
Bxc3+ 15. bxc3 a6 16. exd7+ Bxd7 17. Bxd7+ Kxd7 18. Qg4+ f5 19. Qf3 Qxf3 20.
Nxf3 Rhe8 21. Kf2 Re4 22. Bxc5 Rae8 23. Ng5 Re2+ 24. Kf3 Rd2 25. Nxh7 Rd3+ 26.
Kf2 Rh8 27. Rh1 Rxd5 28. Nf8+ 1-0

[Event "Top 16 Mulhouse2"]
[Site "Mulhouse"]
[Date "2009.05.3"]
[Round "7.6"]
[White "Guichard, Pauline"]
[Black "Nguyen, Chi-Minh"]
[Result "1/2-1/2"]
[WhiteElo "2257"]
[BlackElo "2439"]
[PlyCount "83"]
[EventDate "3.??.??"]
[WhiteTeam "Bois-Colombes"]
[BlackTeam "Noyon"]

1. d4 Nf6 2. Nf3 e6 3. Bg5 h6 4. Bxf6 Qxf6 5. e4 d5 6. e5 Qe7 7. Nbd2 g5 8. Bd3
c5 9. c3 Nc6 10. h3 Bd7 11. a3 Bg7 12. b4 b6 13. Bc2 c4 14. Nf1 h5 15. Ne3
O-O-O 16. Qe2 Kb8 17. O-O-O b5 18. Kb2 a5 19. bxa5 Kc7 20. Ra1 Ra8 21. Rhb1
Rxa5 22. Bd1 Rha8 23. Nc2 g4 24. hxg4 hxg4 25. Nfe1 f6 26. exf6 Bxf6 27. f4 Qg7
28. Qxg4 Qf8 29. Qg3 Be7 30. Nb4 Bd6 31. Nec2 Ne7 32. Bg4 Qg7 33. Qf3 Qg6 34.
Bh3 Rf8 35. g3 Nf5 36. Bxf5 Qxf5 37. Ne3 Qg6 38. Rh1 Bc6 39. Nec2 Raa8 40. Rh3
Rh8 41. Rah1 Rxh3 42. Rxh3 1/2-1/2

[Event "Top 16 Mulhouse2"]
[Site "Mulhouse"]
[Date "2009.05.3"]
[Round "7.8"]
[White "Plane, Boris"]
[Black "Assad, Karine"]
[Result "1-0"]
[WhiteElo "2160"]
[BlackElo "2037"]
[PlyCount "71"]
[EventDate "3.??.??"]
[WhiteTeam "Bois-Colombes"]
[BlackTeam "Noyon"]

1. e4 e6 2. d3 d5 3. Nd2 Nf6 4. Ngf3 b6 5. g3 dxe4 6. dxe4 Bc5 7. Be2 O-O 8. e5
Nfd7 9. Ne4 Be7 10. Bf4 Bb7 11. Bd3 c5 12. Qe2 Nc6 13. O-O-O Qc7 14. Nf6+ Bxf6
15. exf6 e5 16. fxg7 Kxg7 17. Bh6+ Kxh6 18. Qe3+ Kg7 19. Qg5+ Kh8 20. Bf5 f6
21. Qh5 Ndb8 22. Rd7 Qxd7 23. Bxd7 Nxd7 24. Rd1 Rad8 25. Nh4 Ne7 26. Rd6 Bd5
27. Qd1 Nb8 28. Rxd8 Rxd8 29. c4 Nbc6 30. cxd5 Rxd5 31. Qg4 Nd4 32. Qh5 Kg7 33.
Qe8 Nec6 34. Nf5+ Nxf5 35. Qxc6 Ne7 36. Qe6 1-0

[Event "Top 16 Mulhouse2"]
[Site "Mulhouse"]
[Date "2009.05.3"]
[Round "7.7"]
[White "Marzolo, Cyril"]
[Black "Hauchard, Arnaud"]
[Result "1/2-1/2"]
[WhiteElo "2476"]
[BlackElo "2512"]
[PlyCount "43"]
[EventDate "3.??.??"]
[WhiteTeam "Marseille Echecs"]
[BlackTeam "Evry Grand Roque"]

1. d4 Nf6 2. c4 e6 3. Nf3 b6 4. g3 Bb4+ 5. Bd2 Be7 6. Bg2 c6 7. O-O O-O 8. Ne5
Bb7 9. Nc3 d5 10. Qa4 a6 11. Rfc1 b5 12. cxb5 cxb5 13. Qb3 Nbd7 14. Nd3 Nb6 15.
Be1 Nc4 16. e3 Rc8 17. Qd1 Nd7 18. b4 Bc6 19. a4 Ra8 20. Ra2 Qc7 21. Rca1 Qb7
22. a5 1/2-1/2

[Event "Top 16 Mulhouse2"]
[Site "Mulhouse"]
[Date "2009.05.3"]
[Round "7.8"]
[White "Milliet, Sophie"]
[Black "Delorme, Laurie"]
[Result "1-0"]
[WhiteElo "2379"]
[BlackElo "2177"]
[PlyCount "57"]
[EventDate "3.??.??"]
[WhiteTeam "Evry Grand Roque"]
[BlackTeam "Marseille Echecs"]

1. e4 e5 2. Nf3 Nc6 3. Bc4 Nf6 4. d3 Be7 5. O-O O-O 6. a4 d5 7. exd5 Nxd5 8. h3
Bf5 9. Re1 Bf6 10. a5 a6 11. Nbd2 Bg6 12. Ne4 Be7 13. c3 Nf6 14. Qb3 Nxe4 15.
dxe4 Rb8 16. Bd5 Nxa5 17. Rxa5 c6 18. Qa2 b6 19. Nxe5 bxa5 20. Nxc6 Qc7 21.
Nxb8 Rxb8 22. Qc4 Qb6 23. Bf4 Rf8 24. Qc7 Qxc7 25. Bxc7 a4 26. Ra1 a3 27. b4
Bf6 28. Rxa3 Rc8 29. Rxa6 1-0

[Event "Top 16 Mulhouse2"]
[Site "Mulhouse"]
[Date "2009.05.3"]
[Round "7.3"]
[White "Pira, Davoud"]
[Black "Abergel, Thal"]
[Result "0-1"]
[WhiteElo "2388"]
[BlackElo "2497"]
[PlyCount "0"]
[EventDate "3.??.??"]
[WhiteTeam "Lutèce Echecs"]
[BlackTeam "Mulhouse Philidor"]

1. d4 d5 2. c4 c6 3. Nc3 Nf6 4. cxd5 cxd5 5. Bf4 Nc6 6. e3 a6 7. Bd3 Bg4 8. f3
Bh5 9. Nge2 e6 10. O-O Bg6 11. Bg5 Bxd3 12. Qxd3 Be7 13. Rad1 Nd7 14. Bxe7 Nxe7
15. e4 O-O 16. Kh1 Qa5 17. Qd2 Nc6 18. Ng3 Nb6 19. Nh5 h6 20. e5 Nc4 21. Qf2
Ne7 22. Rd3 Rac8 23. f4 Qb4 24. Nd1 Qb5 25. a4 Qb6 26. b3 Na5 27. Ne3 Nac6 28.
f5 exf5 29. Qg3 g6 30. Nf6+ Kg7 31. Nd7 Qb4 32. Nxf8 Kxf8 0-1

[Event "Top 16 Mulhouse2"]
[Site "Mulhouse"]
[Date "2009.05.3"]
[Round "7.4"]
[White "Wirig, Anthony"]
[Black "San Emeterio Cabanes, Jose L"]
[Result "1-0"]
[WhiteElo "2472"]
[BlackElo "2392"]
[PlyCount "0"]
[EventDate "3.??.??"]
[WhiteTeam "Mulhouse Philidor"]
[BlackTeam "Lutèce Echecs"]

1. c4 Nf6 2. g3 g6 3. Bg2 Bg7 4. Nf3 d6 5. Nc3 O-O 6. O-O Nc6 7. d3 b6 8. Rb1
a5 9. a3 e5 10. b4 axb4 11. axb4 Be6 12. Nd2 d5 13. b5 Ne7 14. Qb3 e4 15. dxe4
dxe4 16. Qc2 Nd7 17. Ncxe4 1-0

[Event "Top 16 Mulhouse2"]
[Site "Mulhouse"]
[Date "2009.05.3"]
[Round "7.7"]
[White "Wunderman, Xavier"]
[Black "Fargere, Francois"]
[Result "0-1"]
[WhiteElo "2215"]
[BlackElo "2459"]
[PlyCount "0"]
[EventDate "3.??.??"]
[WhiteTeam "Lutèce Echecs"]
[BlackTeam "Mulhouse Philidor"]

1. e4 c5 2. Nf3 Na6 3. Nc3 d6 4. d4 cxd4 5. Nxd4 Nf6 6. Be2 e5 7. Nb3 Be7 8.
O-O O-O 9. Be3 Be6 10. Qd2 Nd7 11. f3 Nb6 12. Rfe1 Rc8 13. Kh1 Qc7 14. a4 Rfd8
15. a5 Nd7 16. Qd1 0-1